Paises de Europa que NO acaban en A - Estadísticas

Estadísticas generales
  • Esta prueba ha sido intentada 191 veces
  • La puntuación promedio es 9 de 11
Estadísticas de respuestas
País % Correcto
Portugal
95%
Luxemburgo
92%
San Marino
91%
Ciudad del Vaticano
90%
Reino Unido
90%
Liechtenstein
89%
Países Bajos
88%
Mónaco
86%
Kosovo
85%
Montenegro
84%
Macedonia del Norte
54%
No se encontraron pruebas coincidentes
Distribución de puntuación
Porcentaje de gente con cada puntuación
Porcentaje por número respondido
Historial de tus puntuaciones
No has intentado esta prueba.